Every Digit of Pi - 15 Second Dash - Statistics

General Stats
  • This quiz has been taken 125 times
  • The average score is 9 of 10
Answer Stats
Occurrence Answer % Correct
≈ 1 / 10 1
100%
≈ 1 / 10 3
100%
≈ 1 / 10 4
100%
≈ 1 / 10 2
93%
≈ 1 / 10 8
91%
≈ 1 / 10 9
91%
≈ 1 / 10 6
89%
≈ 1 / 10 7
89%
≈ 1 / 10 5
87%
≈ 1 / 10 0
80%
No matching quizzes found
Score Distribution
Percent of People with Each Score
Percentile by Number Answered
Your Score History
You have not taken this quiz